000 00304nam a22001097a 4500
082 _a510
100 _aYadav,Rakesh
_980969
245 _aहिन्‍दी माध्‍यन Class Notes Arithmetic 2023-24
260 _aDelhi
_bRakesh Yadav
_c2024
650 _aMathes
_981908
942 _cC. BOOKS
999 _c66875
_d66875